[Event "9th Masters Final 2016"]
[Site "Bilbao ESP"]
[Date "2016.07.19"]
[Round "6.3"]
[White "So, Wesley"]
[Black "Karjakin, Sergey"]
[Result "1/2-1/2"]
[WhiteTitle "GM"]
[BlackTitle "GM"]
[WhiteElo "2770"]
[BlackElo "2773"]
[WhiteFideId "5202213"]
[BlackFideId "14109603"]
[EventDate "2016.07.13"]

1. d4 Nf6 2. c4 e6 3. Nc3 Bb4 4. e3 O-O 5. Ne2 d5 6. a3 Be7 7. cxd5 exd5 8. Nf4
Re8 9. Bd3 Bd6 10. O-O Bxf4 11. exf4 Nc6 12. Be3 Ne7 13. Qc2 g6 14. f3 h5 15.
Qd2 Bf5 16. Be2 Qd7 17. Rfe1 Be6 18. Bf2 Nf5 19. Bd3 Nd6 20. Re5 c6 21. Rae1 Bf5
22. Bh4 Nh7 23. Be7 Bxd3 24. Bxd6 Bf5 25. Bb4 b6 26. a4 a5 27. Ba3 Re6 28. h3
Rae8 29. g4 Rxe5 30. fxe5 hxg4 31. hxg4 Bxg4 32. fxg4 Qxg4+ 33. Kf1 Ng5 34. Qg2
Qf5+ 35. Qf2 Nf3 36. Ke2 Nxe1 37. Qxf5 gxf5 38. Kxe1 f6 39. Bd6 Kf7 40. Ne2 fxe5
41. dxe5 Ke6 42. Kf2 Kd7 43. Nf4 Rg8 44. Ba3 Re8 45. Bd6 Rg8 46. Ba3 Re8 47. Bc5 1/2-1/2

[Event "9th Masters Final 2016"]
[Site "Bilbao ESP"]
[Date "2016.07.21"]
[Round "8.1"]
[White "So, Wesley"]
[Black "Giri, Anish"]
[Result "1-0"]
[WhiteTitle "GM"]
[BlackTitle "GM"]
[WhiteElo "2770"]
[BlackElo "2785"]
[WhiteFideId "5202213"]
[BlackFideId "24116068"]
[EventDate "2016.07.13"]

1. e4 e5 2. Nf3 Nc6 3. Bc4 Bc5 4. O-O Nf6 5. d3 O-O 6. Re1 Ng4 7. Re2 Kh8 8. h3
f5 9. Nc3 Nf6 10. Be3 Bxe3 11. fxe3 fxe4 12. dxe4 d6 13. a3 Qe8 14. Qd3 Nd8 15.
Rf2 Be6 16. Raf1 a6 17. Nd2 b5 18. Bxe6 Nxe6 19. Nd5 Nd7 20. Rxf8+ Ndxf8 21. c4
c6 22. Nc3 Qe7 23. b4 Nd7 24. Nb3 Nf6 25. Na5 Qc7 26. Rc1 Qd7 27. cxb5 axb5 28.
a4 bxa4 29. Nxa4 Rf8 30. Nb6 Qf7 31. Nxc6 Ng5 32. Rf1 Qc7 33. Qb5 Ngxe4 34. Nd5
Qd7 35. Nxf6 gxf6 36. Qd5 Nc3 37. Qc4 Na4 38. b5 Nb6 39. Qd3 Rg8 40. e4 Qe6 41.
Rd1 Nd7 42. Kh2 Nc5 43. Qxd6 Qxd6 44. Rxd6 Nxe4 45. Re6 Nc5 46. Rxf6 e4 47. Rf5
Nb7 48. Re5 Nd6 49. Nd4 Rb8 50. g4 Kg8 51. Kg3 Kf7 52. Nf5 Kf6 53. Kf4 Nxb5 54.
g5+ Kg6 55. Re7 Rh8 56. Kg4 h5+ 57. Kf4 1-0